Story, performance, and event : contextual studies of oral narrative

Bibliographic Details
Published in:Cambridge studies in oral and literate culture
Main Author: Bauman, Richard
Content type: Book
Published: Cambridge: Univ. Pr. 1988
Series:Cambridge studies in oral and literate culture ; 10
Source:MPIPL_cat

MARC

LEADER 00000nam a2200000 ub4500
001 PL0052036
003 PLI01000000000000000051772
005 00000000000000.0
008 ||| u
020 |a 0-521-31111-X 
020 |a 9780521311113 
090 |a 404.21-Bau/1 
100 1 |a Bauman, Richard 
245 0 0 |a Story, performance, and event  |b contextual studies of oral narrative  |c Richard Bauman 
260 |a Cambridge  |b Univ. Pr.  |c 1988 
300 |a X, 130 S. 
490 0 |a Cambridge studies in oral and literate culture  |v 10 
830 0 |w PL0000945 
852 |c 404.21-Bau/1  |m BOOK